000133294 001__ 133294
000133294 005__ 20260217205514.0
000133294 0247_ $$2doi$$a10.1103/PhysRevE.109.014313
000133294 0248_ $$2sideral$$a137939
000133294 037__ $$aART-2024-137939
000133294 041__ $$aeng
000133294 100__ $$aLu, Yikang
000133294 245__ $$aUnderstanding the role of neutral species by means of high-order interaction in the rock-paper-scissors dynamics
000133294 260__ $$c2024
000133294 5060_ $$aAccess copy available to the general public$$fUnrestricted
000133294 5203_ $$aThe existence of neutral species carries profound ecological implications that warrant further investigation. In this paper, we study the impact of neutral species on biodiversity in a spatial tritrophic system of cyclic competition, in which the neutral species are identified as the fourth species that may affect the competition process of the other three species under the rock-paper-scissors (RPS) rule. Extensive simulations showed that neutral species can promote coexistence in a high mobility regime within the system. When coexistence occurs, we found that the state can be maintained by two mechanisms: Species can either (i) adhere to traditional RPS rule or (ii) form patches to resist invasion. Our findings might aid in understanding the impact of neutral species on biodiversity in ecosystems
000133294 540__ $$9info:eu-repo/semantics/openAccess$$aby$$uhttps://creativecommons.org/licenses/by/4.0/deed.es
000133294 590__ $$a2.4$$b2024
000133294 592__ $$a0.705$$b2024
000133294 591__ $$aPHYSICS, MATHEMATICAL$$b13 / 61 = 0.213$$c2024$$dQ1$$eT1
000133294 593__ $$aCondensed Matter Physics$$c2024$$dQ2
000133294 591__ $$aPHYSICS, FLUIDS & PLASMAS$$b17 / 41 = 0.415$$c2024$$dQ2$$eT2
000133294 593__ $$aStatistics and Probability$$c2024$$dQ2
000133294 593__ $$aStatistical and Nonlinear Physics$$c2024$$dQ2
000133294 594__ $$a4.2$$b2024
000133294 655_4 $$ainfo:eu-repo/semantics/article$$vinfo:eu-repo/semantics/publishedVersion
000133294 700__ $$aWang, Xiaoyue
000133294 700__ $$aDu, Chunpeng
000133294 700__ $$aWang, Yanan
000133294 700__ $$aGeng, Yini
000133294 700__ $$aShi, Lei
000133294 700__ $$aPark, Junpyo
000133294 773__ $$g109, 1 (2024), 11 pp$$pPhys. rev., E$$tPhysical Review E$$x2470-0045
000133294 8564_ $$s9641779$$uhttps://zaguan.unizar.es/record/133294/files/texto_completo.pdf$$yVersión publicada
000133294 8564_ $$s3048650$$uhttps://zaguan.unizar.es/record/133294/files/texto_completo.jpg?subformat=icon$$xicon$$yVersión publicada
000133294 909CO $$ooai:zaguan.unizar.es:133294$$particulos$$pdriver
000133294 951__ $$a2026-02-17-20:26:23
000133294 980__ $$aARTICLE